Στάσιμα και έξοδος : μελέτες και άρθρα για το γλωσσικό, το εκπαιδευτικό και το εκκλησιαστικό, ζητήματα εις τα οποία η παρούσα εθνική μας κρίση φανερώνει κατ' εξοχήν το δραματικό της μέγεθος

Αποθηκεύτηκε σε:
Λεπτομέρειες βιβλιογραφικής εγγραφής
Κύριος συγγραφέας: Ράμφος, Στέλιος, 1939-
Μορφή: Βιβλίο
Γλώσσα:Greek
Δημοσίευση: Αθήνα : Εκδόσεις των Φίλων, 1988
Θέματα:
Ετικέτες: Προσθήκη ετικέτας
Δεν υπάρχουν, Καταχωρήστε ετικέτα πρώτοι!

MARC

LEADER 00000nam a2200000 i 4500
001 1/82063
008 950508s1988 gre d
035 |a 1992  |b 1  |c Δωρεά  |l 10033848 
040 |a GR-MY-UA  |b gre  |e aacr 
041 0 |a gre 
082 0 |a 417.77 
100 1 |a Ράμφος, Στέλιος,   |d 1939- 
245 1 0 |a Στάσιμα και έξοδος :  |b μελέτες και άρθρα για το γλωσσικό, το εκπαιδευτικό και το εκκλησιαστικό, ζητήματα εις τα οποία η παρούσα εθνική μας κρίση φανερώνει κατ' εξοχήν το δραματικό της μέγεθος /  |c Στέλιου Ράμφου 
260 |a Αθήνα :   |b Εκδόσεις των Φίλων,   |c 1988 
300 |a 171 σ. 
650 0 0 |a Language and culture. 
852 |a INST  |b LESVOS  |e 19950508  |h 417.77 ΡΑΜ  |p 005100001163  |q 005100001163  |t BK  |y 0 
852 |a INST  |b LESVOS  |e 19950508  |h 417.77 ΡΑΜ  |p 005100001164  |q 005100001164  |t BK  |y 0 
852 |a INST  |b RHODES  |e 19970305  |h 417.77 ΡΑΜ  |p 005400000054  |q 005400000054  |t BK  |y 0 
852 |a INST  |b RHODES  |e 19970305  |h 417.77 ΡΑΜ  |p 005400000112  |q 005400000112  |t BK  |y 0 
909 |a Ρ  |b 020662  |c 1992 
909 |a Λ  |b 021549 
909 |a Ρ  |b 020663  |c 1992 
909 |a Λ  |b 021523 
922 |a 1ΔΩΡ  |b 199112